Uncle Dynamite /

Bibliographic Details
Main Author: Wodehouse, P. G. (Pelham Grenville), 1881-1975
Format: Book
Language:English
Published: New York : Didier, [1948]

MARC

Tag First Indicator Second Indicator Subfields
LEADER 00000cam a2200000 4500
001 in00000030669
005 20151007063000.0
008 740430s1948 nyua 00001 eng u
010 |a  49007050  
035 |a (OCoLC)00872661 
035 |9 AAD6251AM 
040 |c FAU  |d TXA  |d UtOrBLW 
049 |a TXAM  |c 1 [163741]  |a TXAS [wode]  |c 2,3 
050 0 |a PZ3.W817  |b Ul  |a PR6045.O53 
090 |a PR6045.O53  |b U52 1948 
092 |a 823  |b W839u 
100 1 |a Wodehouse, P. G.  |q (Pelham Grenville),  |d 1881-1975. 
245 1 0 |a Uncle Dynamite /  |c P.G. Wodehouse. 
264 1 |a New York :  |b Didier,  |c [1948] 
264 4 |c ©1948 
300 |a 312 pages :  |b illustrations ;  |c 21 cm. 
336 |a text  |b txt  |2 rdacontent 
337 |a unmediated  |b n  |2 rdamedia 
338 |a volume  |b nc  |2 rdacarrier 
999 |a MARS 
999 f f |s cc01f4df-3555-35ea-9c87-1f667f7a125a  |i 461ce315-dd1f-33fc-886a-fb539a03056b  |t 0 
952 f f |p noncirc  |a Texas A&M University  |b College Station  |c Cushing Memorial Library & Archives  |d Cushing: Literature/Wodehouse (Does not check out)  |t 0  |e PR6045.O53 U52 1948  |h Library of Congress classification  |i unmediated -- volume 
952 f f |p noncirc  |a Texas A&M University  |b College Station  |c Cushing Memorial Library & Archives  |d Cushing: Literature/Wodehouse (Does not check out)  |t 0  |e PR6045.O53 U52 1948  |h Library of Congress classification  |i unmediated -- volume 
952 f f |p normal  |a Texas A&M University  |b College Station  |c Sterling C. Evans Library  |d Evans: Library Stacks  |t 0  |e PR6045.O53 U52 1948  |h Library of Congress classification  |i unmediated -- volume  |m A14801334271 
998 f f |a PR6045.O53 U52 1948  |t 0  |l Cushing: Literature/Wodehouse (Does not check out) 
998 f f |a PR6045.O53 U52 1948  |t 0  |l Evans: Library Stacks 
998 f f |a PR6045.O53 U52 1948  |t 0  |l Cushing: Literature/Wodehouse (Does not check out)